Southville International School and Colleges
Your cart is empty.
  • Cart
  • Lists
    Public lists Eva Luna New books Lux_list list_1
    Your lists Log in to create your own lists
  • Log in to your account
  • Your cookies
  • Search history
Southville International School and Colleges
  • Advanced search
  • Recent comments
  • Most popular
  • Libraries

Log in to your account

Log in with GOOGLE


If you do not have an external account, but do have a local account, you can still log in:

  1. Home
  2. MARC view: The sign of the beaver
Normal view MARC view ISBD view

The sign of the beaver (Record no. 283982)

[ view plain ]
MARC details
000 -LEADER
fixed length control field 00701nam a22002417a 4500
001 - CONTROL NUMBER
control field ELB015701
003 - CONTROL NUMBER IDENTIFIER
control field PILC
005 - DATE AND TIME OF LATEST TRANSACTION
control field 20160128094201.0
008 - FIXED-LENGTH DATA ELEMENTS--GENERAL INFORMATION
fixed length control field 150514b xxu||||| |||| 00| 0 eng d
010 ## - LIBRARY OF CONGRESS CONTROL NUMBER
LC control number
020 ## - INTERNATIONAL STANDARD BOOK NUMBER
International Standard Book Number 0440479002
050 ## - LIBRARY OF CONGRESS CALL NUMBER
Classification number PZ7 .Sp31 1983
100 1# - MAIN ENTRY--PERSONAL NAME
Personal name Speare, Elizabeth George.
245 14 - TITLE STATEMENT
Title The sign of the beaver
Statement of responsibility, etc Elizabeth George Speare.
260 ## - PUBLICATION, DISTRIBUTION, ETC. (IMPRINT)
Place of publication, distribution, etc New York :
Name of publisher, distributor, etc Bantam Doubleday,
Date of publication, distribution, etc c1983.
300 ## - PHYSICAL DESCRIPTION
Extent 135 p. ;
Dimensions 19 cm.
500 ## - GENERAL NOTE
General note "A Yearling book"
650 ## - SUBJECT ADDED ENTRY--TOPICAL TERM
Topical term or geographic name as entry element Friendship
General subdivision Fiction.
650 ## - SUBJECT ADDED ENTRY--TOPICAL TERM
Topical term or geographic name as entry element Frontier and pioneer life
General subdivision Fiction.
650 ## - SUBJECT ADDED ENTRY--TOPICAL TERM
Topical term or geographic name as entry element Indians of South America
General subdivision Fiction.
650 ## - SUBJECT ADDED ENTRY--TOPICAL TERM
Topical term or geographic name as entry element Survival
General subdivision Fiction.
942 ## - ADDED ENTRY ELEMENTS (KOHA)
Source of classification or shelving scheme Library of Congress Classification
Koha item type Books
Call number suffix PZ 7 .Sp31 1983
Holdings
Withdrawn status Lost status Source of classification or shelving scheme Damaged status Home library Current library Shelving location Date acquired Source of acquisition Total Checkouts Full call number Barcode Date last seen Price effective from Koha item type
    Library of Congress Classification   Luxembourg Library Luxembourg Library Kids Fiction Section 05/14/2015 Donation   PZ 7 .Sp31 1983 5330 05/27/2015 05/14/2015 Books

The sign of the beaver

APA

Speare E. G., . (1983). The sign of the beaver. New York: Bantam Doubleday.

Chicago

Speare Elizabeth George, . 1983. The sign of the beaver. New York: Bantam Doubleday.

Harvard

Speare E. G., . (1983). The sign of the beaver. New York: Bantam Doubleday.

MLA

Speare Elizabeth George, . The sign of the beaver. New York: Bantam Doubleday. 1983.

  • Place hold
  • Print
  • Cite
  • Add to your cart (remove)
  • Save record
    BIBTEX Dublin Core MARCXML MARC (non-Unicode/MARC-8) MARC (Unicode/UTF-8) MARC (Unicode/UTF-8, Standard) MODS (XML) RIS
  • More searches
    Search for this title in:
    Other Libraries (WorldCat) Other Databases (Google Scholar) Online Stores (Bookfinder.com) Open Library (openlibrary.org)

Exporting to Dublin Core...

SOUTHVILLE LIBRARY

Southville International School and Colleges Library

1281 Tropical Ave. Cor. Luxembourg St., BF Homes International, Las Pinas City

Tel. No. 8256374 / 252358 Loc. 117/146

Powered by Koha